[Event "Seefeld op 18th"]
[Site "Seefeld"]
[Date "2007.09.05"]
[Round "5"]
[White "Grimm, Joachim"]
[Black "Pieper, Harald"]
[Result "0-1"]
[WhiteElo "1618"]
[BlackElo "2043"]
[PlyCount "56"]
[EventDate "2007.09.01"]
[EventType "swiss"]
[EventRounds "9"]
[EventCountry "AUT"]
[SourceTitle "EXT 2009"]
[Source "ChessBase"]
[SourceDate "2008.11.26"]
[SourceVersion "1"]
[SourceVersionDate "2008.11.26"]
[SourceQuality "1"]

1. e4 Nf6 2. Nc3 e5 3. Nf3 d6 4. d4 exd4 5. Nxd4 Be7 6. Bc4 Bg4 7. Qd3 Nbd7 8. f4 Nc5 9. Qe3 Be6 10. Nxe6 Nxe6 11. Bd2 c6 12. 0-0-0 Nd7 13. Qg3 Bh4 14. Qg4 h5 15. Qh3 Qe7 16. Qe3 Nb6 17. Be2 0-0-0 18. g3 Bf6 19. e5 dxe5 20. Bd3 exf4 21. gxf4 Nc5 22. Bf5+ Kb8 23. Qf3 Rhe8 24. Rhe1 Qf8 25. Ne2 Nca4 26. Bc3 Nxc3 27. Nxc3 Qc5 28. Rxe8 Rxe8 0-1

[Event "Seefeld op 18th"]
[Site "Seefeld"]
[Date "2007.09.03"]
[Round "3"]
[White "Helbig, Dieter"]
[Black "Pieper, Harald"]
[Result "1/2-1/2"]
[WhiteElo "1863"]
[BlackElo "2043"]
[PlyCount "123"]
[EventDate "2007.09.01"]
[EventType "swiss"]
[EventRounds "9"]
[EventCountry "AUT"]
[SourceTitle "EXT 2009"]
[Source "ChessBase"]
[SourceDate "2008.11.26"]
[SourceVersion "1"]
[SourceVersionDate "2008.11.26"]
[SourceQuality "1"]

1. c4 e6 2. Nc3 d5 3. cxd5 exd5 4. d4 Nf6 5. Nf3 c6 6. g3 Bd6 7. Bg2 Bf5 8. 0-0 Nbd7 9. Nh4 Be6 10. e4 dxe4 11. Nxe4 Nxe4 12. Bxe4 Nf6 13. Bg5 Be7 14. Bf3 h6 15. Be3 Nd5 16. Ng2 0-0 17. a3 Qb6 18. Qd2 Nxe3 19. Nxe3 Bg5 20. h4 Bf6 21. d5 Rad8 22. Rab1 Rd7 23. Rfd1 cxd5 24. Bg4 Rfd8 25. Qe2 d4 26. Nc4 Bxg4 27. Qxg4 Qb3 28. Nd2 Qe6 29. Qf3 Rd5 30. Re1 Qf5 31. Qg2 Qd7 32. Ne4 Be7 33. b4 f5 34. Nd2 Bf6 35. Rbc1 b6 36. Rc4 b5 37. Rcc1 d3 38. Rcd1 Bb2 39. Nb3 Bxa3 40. Nc5 Rxc5 41. bxc5 Bxc5 42. Re5 Bd4 43. Ree1 Bc3 44. Re3 b4 45. Rexd3 Qxd3 46. Rxd3 Rxd3 47. Qa8+ Kh7 48. Qc8 Rd5 49. g4 fxg4 50. Qxg4 Re5 51. Qc4 a5 52. Qd3+ Kg8 53. f4 Re1+ 54. Kf2 a4 55. Qd8+ Kh7 56. Qd3+ Kg8 57. Qd8+ Kf7 58. Qd7+ Re7 59. Qxa4 Be1+ 60. Kf3 Bc3 61. Qb3+ Kf8 62. Qd5 1/2-1/2

[Event "Seefeld op 17th"]
[Site "Seefeld"]
[Date "2006.09.27"]
[Round "5"]
[White "Di Lazzaro, Gabriele"]
[Black "Pieper, Harald"]
[Result "1-0"]
[WhiteElo "1986"]
[BlackElo "2067"]
[PlyCount "40"]
[EventDate "2006.09.23"]
[EventType "swiss"]
[EventRounds "9"]
[EventCountry "AUT"]
[SourceTitle "EXT 2009"]
[Source "ChessBase"]
[SourceDate "2008.11.26"]
[SourceVersion "1"]
[SourceVersionDate "2008.11.26"]
[SourceQuality "1"]

1. e4 d5 2. exd5 Nf6 3. Bb5+ Bd7 4. Bc4 c6 5. dxc6 Bxc6 6. Nf3 e6 7. Nc3 Bc5 8. d3 Nbd7 9. 0-0 h6 10. Qe2 0-0 11. Be3 Bd6 12. h3 b6 13. Rad1 Qe7 14. Rfe1 Bxf3 15. Qxf3 Ne5 16. Qe2 Nxc4 17. dxc4 Bb4 18. Bd2 Rfd8 19. a3 Bxc3 20. Bxc3 Kf8 1-0

[Event "Seefeld op 17th"]
[Site "Seefeld"]
[Date "2006.09.23"]
[Round "1"]
[White "Pieper, Harald"]
[Black "Maurer, Rainer"]
[Result "0-1"]
[WhiteElo "2067"]
[BlackElo "1916"]
[PlyCount "72"]
[EventDate "2006.09.23"]
[EventType "swiss"]
[EventRounds "9"]
[EventCountry "AUT"]
[SourceTitle "EXT 2009"]
[Source "ChessBase"]
[SourceDate "2008.11.26"]
[SourceVersion "1"]
[SourceVersionDate "2008.11.26"]
[SourceQuality "1"]

1. d4 d5 2. e3 Nf6 3. Bd3 Nbd7 4. f4 Ne4 5. Nd2 Ndf6 6. Ngf3 e6 7. 0-0 Be7 8. Ne5 0-0 9. Rf3 Nxd2 10. Bxd2 Ne4 11. Rh3 f6 12. Ng4 e5 13. Be1 exf4 14. exf4 Qe8 15. Re3 Bd6 16. g3 Qg6 17. Nf2 Bxf4 18. Bxe4 dxe4 19. Rxe4 Bd6 20. Re3 Bf5 21. Nd3 Rae8 22. Rxe8 Rxe8 23. Bf2 h5 24. Qd2 h4 25. Re1 Rxe1+ 26. Qxe1 hxg3 27. Bxg3 Bxg3 28. Qxg3 Qxg3+ 29. hxg3 Bxd3 30. cxd3 Kf7 31. Kf2 Ke6 32. Ke3 Kd5 33. a3 g6 34. g4 f5 35. gxf5 gxf5 36. a4 a5 0-1

[Event "Schwarzach op-B 20th"]
[Site "Schwarzach"]
[Date "2005.08.24"]
[Round "5.9"]
[White "Pieper, Harald"]
[Black "Koetz, Andreas"]
[Result "1/2-1/2"]
[WhiteElo "2094"]
[BlackElo "1931"]
[PlyCount "56"]
[EventDate "2005.08.20"]
[EventType "swiss"]
[EventRounds "9"]
[EventCountry "AUT"]
[SourceTitle "EXT 2024"]
[Source "ChessBase"]
[SourceDate "2023.10.10"]
[SourceVersion "1"]
[SourceVersionDate "2023.10.10"]
[SourceQuality "1"]

1. d4 Nf6 2. Nf3 g6 3. c4 Bg7 4. Nc3 0-0 5. e4 d6 6. Be2 e5 7. dxe5 dxe5 8. Bg5 Nbd7 9. 0-0 h6 10. Bh4 g5 11. Bg3 Nh5 12. Nd2 Nf4 13. f3 Nc5 14. Nb3 Nce6 15. Nd5 c6 16. Nxf4 exf4 17. Bf2 Bxb2 18. Rb1 Be5 19. c5 Qf6 20. Qc2 Rd8 21. Rfd1 Rxd1+ 22. Rxd1 a5 23. a4 Qe7 24. Bc4 Bd7 25. Qd2 Be8 26. Bxe6 fxe6 27. Nxa5 Bc7 28. Nxb7 Rxa4 1/2-1/2

[Event "Schwarzach op-B 20th"]
[Site "Schwarzach"]
[Date "2005.08.22"]
[Round "3.8"]
[White "Pieper, Harald"]
[Black "Waldner, Alois"]
[Result "1/2-1/2"]
[WhiteElo "2094"]
[BlackElo "2137"]
[PlyCount "39"]
[EventDate "2005.08.20"]
[EventType "swiss"]
[EventRounds "9"]
[EventCountry "AUT"]
[SourceTitle "EXT 2024"]
[Source "ChessBase"]
[SourceDate "2023.10.10"]
[SourceVersion "1"]
[SourceVersionDate "2023.10.10"]
[SourceQuality "1"]

1. d4 Nf6 2. Nf3 e6 3. Bg5 c5 4. e3 d5 5. c3 Nc6 6. Nbd2 h6 7. Bh4 Bd6 8. Bb5 Bd7 9. 0-0 g5 10. Bg3 Qe7 11. Bxd6 Qxd6 12. a4 0-0-0 13. Qc2 g4 14. Bxc6 gxf3 15. Bxd7+ Nxd7 16. Nxf3 Rdg8 17. Ne1 e5 18. e4 dxe4 19. Qxe4 f5 20. dxc5 1/2-1/2

[Event "Seefeld op 15th"]
[Site "Seefeld"]
[Date "2004.09.18"]
[Round "1"]
[White "Rantner, Otto"]
[Black "Pieper, Harald"]
[Result "1-0"]
[WhiteElo "1867"]
[BlackElo "2132"]
[PlyCount "83"]
[EventDate "2004.09.18"]
[EventType "swiss"]
[EventRounds "9"]
[EventCountry "AUT"]
[SourceTitle "EXT 2005"]
[Source "ChessBase"]
[SourceDate "2004.11.15"]
[SourceVersion "1"]
[SourceVersionDate "2004.11.15"]
[SourceQuality "1"]

1. d4 d5 2. c4 c6 3. Nf3 Bf5 4. Nc3 e6 5. cxd5 exd5 6. Bf4 Nf6 7. e3 Nbd7 8. Bd3 Ne4 9. 0-0 Bg6 10. Ne5 Nxe5 11. Bxe5 f6 12. Bf4 Bd6 13. Nxe4 dxe4 14. Bc4 Bxf4 15. exf4 Qb6 16. Be6 Bf7 17. Qg4 0-0 18. Rfe1 Rad8 19. Rxe4 Bxe6 20. Qxe6+ Kh8 21. Rae1 Rxd4 22. Qe7 Rdd8 23. Rb4 Rde8 24. Rxb6 Rxe7 25. Rxe7 axb6 26. Rxb7 b5 27. Rc7 Kg8 28. Rxc6 Rd8 29. g3 Rd2 30. b4 Rxa2 31. Rc5 Rb2 32. Rxb5 Kf7 33. f5 g6 34. Rb7+ Kg8 35. fxg6 hxg6 36. b5 Kf8 37. b6 Ke8 38. h4 f5 39. Kg2 Kd8 40. Kf3 Kc8 41. Rc7+ Kb8 42. Rc6 1-0

[Event "Seefeld op 14th"]
[Site "Seefeld"]
[Date "2003.09.15"]
[Round "3"]
[White "Pieper, Harald"]
[Black "Willin, Bernhard"]
[Result "1/2-1/2"]
[WhiteElo "2151"]
[BlackElo "1994"]
[PlyCount "31"]
[EventDate "2003.09.13"]
[EventType "swiss"]
[EventRounds "9"]
[EventCountry "AUT"]
[SourceTitle "CBM 097 Extra"]
[Source "ChessBase"]
[SourceDate "2004.01.13"]
[SourceVersion "1"]
[SourceVersionDate "2004.01.13"]
[SourceQuality "1"]

1. d4 Nf6 2. c4 d6 3. Nc3 Nbd7 4. Nf3 c6 5. e3 e5 6. Bd3 g6 7. 0-0 Bg7 8. Qc2 0-0 9. dxe5 dxe5 10. e4 Qc7 11. h3 Re8 12. Be3 Nf8 13. b4 Nh5 14. Nd2 Nf4 15. Rfd1 Nxd3 16. Qxd3 1/2-1/2

[Event "Schwarzach op-B 18th"]
[Site "Salzburg"]
[Date "2003.08.31"]
[Round "9.7"]
[White "Pieper, Harald"]
[Black "Kaczmarczyk, Dennis"]
[Result "1/2-1/2"]
[WhiteElo "1868"]
[BlackElo "1717"]
[PlyCount "76"]
[EventDate "2003.08.23"]
[EventType "swiss"]
[EventRounds "9"]
[EventCountry "AUT"]
[SourceTitle "EXT 2004"]
[Source "ChessBase"]
[SourceDate "2003.11.25"]
[SourceVersion "1"]
[SourceVersionDate "2003.11.25"]
[SourceQuality "1"]

1. d4 Nf6 2. c4 e6 3. Nc3 Bb4 4. Bd2 c5 5. e3 b6 6. Nf3 Bb7 7. a3 Bxc3 8. Bxc3 d6 9. Be2 Nbd7 10. 0-0 Qc7 11. Rc1 0-0 12. Nd2 cxd4 13. Bxd4 e5 14. Bc3 Nc5 15. b4 Nce4 16. Nxe4 Nxe4 17. Bb2 Rad8 18. Bf3 Qe7 19. Qc2 f5 20. Rfd1 Qg5 21. Qe2 Kh8 22. Bxe4 Bxe4 23. f3 Ba8 24. c5 Qe7 25. cxd6 Rxd6 26. Rxd6 Qxd6 27. Rd1 Qe7 28. Qb5 Re8 29. Qxe5 Qxe5 30. Bxe5 Bc6 31. f4 Kg8 32. Rc1 Rc8 33. Kf2 Kf7 34. b5 Bb7 35. Rxc8 Bxc8 36. Bb8 a6 37. Bc7 axb5 38. Bxb6 g6 1/2-1/2

[Event "Schwarzach op-B 18th"]
[Site "Salzburg"]
[Date "2003.08.25"]
[Round "3.10"]
[White "Pieper, Harald"]
[Black "Schmidt, Mario"]
[Result "1/2-1/2"]
[WhiteElo "1868"]
[BlackElo "1706"]
[PlyCount "46"]
[EventDate "2003.08.23"]
[EventType "swiss"]
[EventRounds "9"]
[EventCountry "AUT"]
[SourceTitle "EXT 2004"]
[Source "ChessBase"]
[SourceDate "2003.11.25"]
[SourceVersion "1"]
[SourceVersionDate "2003.11.25"]
[SourceQuality "1"]

1. d4 Nf6 2. c4 g6 3. Nc3 d5 4. Nf3 Bg7 5. Bf4 0-0 6. e3 a6 7. h3 b6 8. cxd5 Nxd5 9. Nxd5 Qxd5 10. Bxc7 Nd7 11. b3 Bb7 12. Bc4 Qa5+ 13. Qd2 Qxd2+ 14. Kxd2 Rac8 15. Bf4 Rfd8 16. Ke2 b5 17. Bd3 Nb6 18. Rhc1 Nd5 19. Bg3 Nb4 20. Kd2 Rxc1 21. Rxc1 Nxa2 22. Rc7 Bd5 23. Bc2 Bf8 1/2-1/2

[Event "Bayern-chI Bank Hofmann 6th"]
[Site "Bad Wiessee"]
[Date "2002.10.27"]
[Round "2"]
[White "Siegel, Georg"]
[Black "Pieper, Harald"]
[Result "1-0"]
[WhiteElo "2443"]
[BlackElo "2159"]
[PlyCount "53"]
[EventDate "2002.10.26"]
[EventType "swiss"]
[EventRounds "9"]
[EventCountry "GER"]
[SourceTitle "EXT 2003"]
[Source "ChessBase"]
[SourceDate "2002.11.25"]
[SourceVersion "1"]
[SourceVersionDate "2002.11.25"]
[SourceQuality "1"]

1. Nf3 Nf6 2. c4 e6 3. Nc3 d5 4. d4 c5 5. cxd5 Nxd5 6. e3 cxd4 7. exd4 a6 8. Bd3 Nc6 9. 0-0 g6 10. Bg5 Be7 11. Bh6 Bf8 12. Qd2 Nf6 13. Bxf8 Kxf8 14. Qh6+ Kg8 15. Rad1 Ne7 16. Ne5 Qf8 17. Qh4 Kg7 18. Ne4 Nxe4 19. Bxe4 f6 20. Nc4 Qd8 21. Qf4 Nd5 22. Bxd5 exd5 23. Nd6 g5 24. Qg3 h5 25. h4 Rf8 26. Rc1 Kg6 27. Rfe1 1-0

[Event "Seefeld op 13th"]
[Site "Seefeld"]
[Date "2002.09.17"]
[Round "4"]
[White "Pieper, Harald"]
[Black "Farago, Ivan"]
[Result "0-1"]
[WhiteElo "2159"]
[BlackElo "2502"]
[PlyCount "32"]
[EventDate "2002.09.14"]
[EventType "swiss"]
[EventRounds "9"]
[EventCountry "AUT"]
[SourceTitle "EXT 2007"]
[Source "ChessBase"]
[SourceDate "2006.11.23"]
[SourceVersion "1"]
[SourceVersionDate "2006.11.23"]
[SourceQuality "1"]

1. Nf3 Nf6 2. d4 e6 3. c4 b6 4. g3 Ba6 5. Qc2 c5 6. Bg2 Nc6 7. e3 cxd4 8. Nxd4 Nxd4 9. exd4 Rc8 10. b3 d5 11. Nd2 Bb4 12. Bb2 0-0 13. Bc3 Bxc3 14. Qxc3 dxc4 15. bxc4 Bxc4 16. Nxc4 b5 0-1

[Event "Seefeld op 11th"]
[Site "Seefeld"]
[Date "2000.09.23"]
[Round "8"]
[White "Kuenitz, Klaus"]
[Black "Pieper, Harald"]
[Result "1-0"]
[WhiteElo "2080"]
[BlackElo "1870"]
[PlyCount "57"]
[EventDate "2000.09.16"]
[EventType "swiss"]
[EventRounds "9"]
[EventCountry "AUT"]
[SourceTitle "EXT 2001"]
[Source "ChessBase"]
[SourceDate "2000.11.22"]
[SourceVersion "1"]
[SourceVersionDate "2000.11.22"]
[SourceQuality "1"]

1. Nf3 Nf6 2. c4 g6 3. Nc3 Bg7 4. e4 d6 5. d4 0-0 6. Be3 Ng4 7. Bg5 h6 8. Bd2 c5 9. d5 Ne5 10. Nxe5 dxe5 11. Be3 b6 12. Qd2 Kh7 13. Rd1 Nd7 14. Bd3 Nf6 15. f3 Ne8 16. 0-0 Nd6 17. b3 f5 18. exf5 gxf5 19. a4 Qe8 20. Nb5 Qf7 21. g4 Qg6 22. Kh1 e4 23. Nxd6 exd6 24. Bc2 exf3 25. Rxf3 Qxg4 26. Rdf1 Rf6 27. Rg3 Qh5 28. Rfg1 Rf7 29. Qg2 1-0

[Event "Seefeld op 11th"]
[Site "Seefeld"]
[Date "2000.09.21"]
[Round "6"]
[White "Pieper, Harald"]
[Black "Kunze, Holger"]
[Result "0-1"]
[WhiteElo "1870"]
[BlackElo "2193"]
[PlyCount "98"]
[EventDate "2000.09.16"]
[EventType "swiss"]
[EventRounds "9"]
[EventCountry "AUT"]
[SourceTitle "EXT 2001"]
[Source "ChessBase"]
[SourceDate "2000.11.22"]
[SourceVersion "1"]
[SourceVersionDate "2000.11.22"]
[SourceQuality "1"]

1. d4 Nf6 2. Nf3 e6 3. c4 a6 4. Nc3 c5 5. Bg5 cxd4 6. Nxd4 d6 7. g3 Be7 8. Bg2 Qb6 9. Qd2 Nbd7 10. 0-0 h6 11. Be3 Ng4 12. Na4 Qc7 13. b3 Nxe3 14. Qxe3 Nc5 15. Nxc5 Qxc5 16. Nc2 Qxe3 17. Nxe3 Rb8 18. Nc2 Bd7 19. Rfd1 Bf6 20. Rac1 Ke7 21. Nd4 Rhc8 22. e4 g6 23. Nc2 Bc6 24. f4 g5 25. Ne3 gxf4 26. gxf4 Rg8 27. Kf2 Bb2 28. Rc2 Ba3 29. Bf3 Bc5 30. Ke2 Rg7 31. Rf1 Rbg8 32. Kd3 Kd7 33. Rg2 Rxg2 34. Nxg2 f5 35. Ne3 Bxe3 36. Kxe3 fxe4 37. Bxe4 Bxe4 38. Kxe4 Rg2 39. f5 exf5+ 40. Rxf5 Rxh2 41. Kd5 Rd2+ 42. Ke4 Rxa2 43. Rh5 Rb2 44. Rh3 Re2+ 45. Kd5 Re5+ 46. Kd4 h5 47. b4 Rg5 48. c5 dxc5+ 49. bxc5 Kc6 0-1

[Event "Seefeld op 11th"]
[Site "Seefeld"]
[Date "2000.09.20"]
[Round "5"]
[White "Ermel, Dirk"]
[Black "Pieper, Harald"]
[Result "0-1"]
[WhiteElo "2082"]
[BlackElo "1870"]
[PlyCount "124"]
[EventDate "2000.09.16"]
[EventType "swiss"]
[EventRounds "9"]
[EventCountry "AUT"]
[SourceTitle "EXT 2001"]
[Source "ChessBase"]
[SourceDate "2000.11.22"]
[SourceVersion "1"]
[SourceVersionDate "2000.11.22"]
[SourceQuality "1"]

1. e4 d6 2. c4 g6 3. Nc3 Bg7 4. g3 c5 5. Bg2 Nc6 6. Nge2 Nf6 7. 0-0 0-0 8. d4 e5 9. dxc5 dxc5 10. Bg5 h6 11. Be3 b6 12. h3 Ba6 13. b3 Qxd1 14. Raxd1 Rad8 15. Nd5 Kh7 16. f4 Bc8 17. fxe5 Ng8 18. Nf6+ Kh8 19. Nxg8 Kxg8 20. Rd6 Nxe5 21. Rfd1 Rxd6 22. Rxd6 Re8 23. Nf4 Bf8 24. Rd1 Kg7 25. Bc1 Be7 26. Bb2 Bf6 27. Kf1 Nd7 28. Bc1 Be5 29. h4 Nf6 30. Bf3 h5 31. Kg2 Bd4 32. Re1 Bb7 33. e5 Bxf3+ 34. Kxf3 Rxe5 35. Rxe5 Bxe5 36. Nd3 Bd4 37. Bf4 Nd7 38. Ke4 Kf6 39. b4 Ke6 40. Bg5 Ne5 41. bxc5 bxc5 42. Nxe5 Bxe5 43. Kf3 Bd4 44. Ke4 Bg1 45. Bd8 f6 46. Bc7 Bd4 47. Bd8 Be5 48. Kf3 Kf5 49. Be7 Bd4 50. Bd6 g5 51. hxg5 fxg5 52. Be7 g4+ 53. Ke2 Ke4 54. a4 a6 55. Bd6 Bg1 56. Kf1 Bd4 57. Ke2 Be5 58. Bxc5 Bxg3 59. Be7 h4 60. c5 Kd5 61. Kf1 h3 62. Kg1 Be5 0-1

[Event "Seefeld op 11th"]
[Site "Seefeld"]
[Date "2000.09.17"]
[Round "2"]
[White "Pieper, Harald"]
[Black "Michel, Jan"]
[Result "1-0"]
[WhiteElo "1870"]
[BlackElo "1472"]
[PlyCount "63"]
[EventDate "2000.09.16"]
[EventType "swiss"]
[EventRounds "9"]
[EventCountry "AUT"]
[SourceTitle "EXT 2001"]
[Source "ChessBase"]
[SourceDate "2000.11.22"]
[SourceVersion "1"]
[SourceVersionDate "2000.11.22"]
[SourceQuality "1"]

1. d4 Nf6 2. Nf3 d5 3. Bf4 Nc6 4. e3 a6 5. c4 h6 6. h3 e6 7. Nc3 Bb4 8. Rc1 Bxc3+ 9. Rxc3 Ne4 10. Rc1 0-0 11. Bd3 f5 12. a3 Bd7 13. b4 b5 14. cxb5 axb5 15. Bxb5 Qe8 16. Bxc6 Bxc6 17. Qc2 Ba4 18. Qb2 c6 19. 0-0 Bb5 20. Rfd1 g5 21. Be5 g4 22. Ne1 Ba4 23. Nc2 gxh3 24. f3 Qg6 25. g3 Nxg3 26. Kh2 Nf1+ 27. Kxh3 Qh5+ 28. Kg2 Bxc2 29. Rxf1 Ba4 30. Rh1 Qg6+ 31. Kf2 Kf7 32. Rcg1 1-0

[Event "Wattens op 15th"]
[Site "Wattens"]
[Date "2000.09.02"]
[Round "8"]
[White "Thoeny, Hermann"]
[Black "Pieper, Harald"]
[Result "1/2-1/2"]
[WhiteElo "2144"]
[BlackElo "1870"]
[PlyCount "50"]
[EventDate "2000.08.26"]
[EventType "swiss"]
[EventRounds "9"]
[EventCountry "AUT"]
[SourceTitle "EXT 2001"]
[Source "ChessBase"]
[SourceDate "2000.11.22"]
[SourceVersion "1"]
[SourceVersionDate "2000.11.22"]
[SourceQuality "1"]

1. d4 d5 2. Nf3 b6 3. c4 e6 4. g3 Bb7 5. Bg2 c6 6. cxd5 cxd5 7. Nc3 Nf6 8. Bf4 Bd6 9. Bxd6 Qxd6 10. 0-0 a6 11. Ne5 Nbd7 12. f4 0-0 13. Rc1 Rac8 14. e3 Rc7 15. Rf2 Rfc8 16. Rfc2 Ne8 17. Bf1 f6 18. Nf3 f5 19. Bh3 Ndf6 20. Ne5 b5 21. Nd3 Nd7 22. Bf1 Nef6 23. Ne5 Nb6 24. b3 Ne4 25. Nb1 Qd8 1/2-1/2

[Event "Seefeld op 10th"]
[Site "Seefeld"]
[Date "1999.09.16"]
[Round "6"]
[White "Pieper, Harald"]
[Black "Preuss, Heiko"]
[Result "0-1"]
[WhiteElo "1882"]
[BlackElo "2217"]
[PlyCount "50"]
[EventDate "1999.09.11"]
[EventType "swiss"]
[EventRounds "9"]
[EventCountry "AUT"]
[SourceTitle "EXT 2001"]
[Source "ChessBase"]
[SourceDate "2000.11.22"]
[SourceVersion "1"]
[SourceVersionDate "2000.11.22"]
[SourceQuality "1"]

1. d4 d5 2. Nf3 c6 3. h3 Nf6 4. c3 g6 5. Bf4 Bg7 6. e3 0-0 7. Bd3 Nbd7 8. Nbd2 c5 9. 0-0 b6 10. Qe2 Nh5 11. Bh2 Bb7 12. a4 Re8 13. Bb5 a6 14. Bxd7 Qxd7 15. Ne5 Qc8 16. f4 f5 17. g4 Nf6 18. Bg3 a5 19. Rfc1 Ba6 20. Qd1 Qe6 21. Rab1 Bc8 22. Bh4 fxg4 23. Bxf6 exf6 24. Nxg4 h5 25. Nf2 Qxe3 0-1

[Event "Seefeld op 10th"]
[Site "Seefeld"]
[Date "1999.09.13"]
[Round "3"]
[White "Hielscher, Wulf"]
[Black "Pieper, Harald"]
[Result "0-1"]
[WhiteElo "2150"]
[BlackElo "1882"]
[PlyCount "80"]
[EventDate "1999.09.11"]
[EventType "swiss"]
[EventRounds "9"]
[EventCountry "AUT"]
[SourceTitle "EXT 2001"]
[Source "ChessBase"]
[SourceDate "2000.11.22"]
[SourceVersion "1"]
[SourceVersionDate "2000.11.22"]
[SourceQuality "1"]

1. c4 g6 2. Nf3 Nf6 3. Nc3 Bg7 4. g3 c6 5. Bg2 d5 6. cxd5 cxd5 7. d4 0-0 8. 0-0 Nc6 9. Bf4 Nh5 10. Bg5 h6 11. Be3 a6 12. Ne5 e6 13. f4 Nf6 14. Rc1 Bd7 15. Bf2 Rc8 16. e3 b5 17. a3 Na5 18. g4 Bc6 19. Bh4 Qb6 20. g5 Nd7 21. gxh6 Bxh6 22. Ng4 Bg7 23. Bg5 Nc4 24. Qf3 f6 25. Bh6 Nd2 26. Qh3 Nxf1 27. Bxg7 Kxg7 28. Qh6+ Kf7 29. Qh7+ Ke8 30. Qxg6+ Ke7 31. Rxf1 Rg8 32. Qh7+ Kd6 33. Nh6 Rgf8 34. f5 e5 35. Nf7+ Kc7 36. dxe5 Qxe3+ 37. Kh1 Rg8 38. Nxd5+ Bxd5 39. Bxd5 Kb6 40. Qh6 Qd3 0-1